MDQL
is popping MORE tags! Check the
thread
!
Quizzes
Events
Quiz Creation
Community
Videos
Private Events
Remove Ads
Sign In
Join for FREE
Feedback
Dark Mode
Quiz Categories
Sports
Geography
Music
Movies
Television
Just For Fun
Miscellaneous
History
Literature
Language
Science
Gaming
Entertainment
Religion
Holiday
For Kids
Quiz Lab
Recent
Popular Today
Quiz Kudos Today
Editor Picks
Curator Picks
Quizzes by...
Day
Popularity
Type
Ratings
Length
Year
Community
Subscriptions
Recent Discussions
Orange Saloon
Badges
Playlists
Quests
Create
Leaderboards
Showdown
Live 5
Trivia Bingo
Activity
Puzzle Library
Sporcle Events
Private Events
Virtual Trivia
Globe League
Become a Host
Pub Owners
SporcleCon
Opinionation
Our Games
Videos
Blog
Mobile Apps
Partnerships
Remove Ads and Go Orange
Feedback
Sports
Athletes
MLB
NBA
NHL
NFL
Soccer
Sports Teams
WWE
NCAA
Football
Premier League
Basketball
Baseball
Hockey
Golf
Tennis
Cricket
Rugby
Auto Racing
Olympics
World Cup
Sports
Athletes
MLB
NBA
NHL
NFL
Soccer
Sports Teams
WWE
NCAA
Football
Premier League
Basketball
Baseball
Hockey
Golf
Tennis
Cricket
Rugby
Auto Racing
Olympics
World Cup
Random Quiz
Search Sporcle
×
Quiz Lab
Quiz Lab
Sports
Baseball
Type in answers that appear in a list
Type in answers that appear in a list
Classic
Best Score? Go Orange.
NCAA Baseball Champions & Runner-ups Stats
Can you name the NCAA Baseball Champions & Runner-ups?
By
SuperFan1
14m
63 Questions
537 Plays
537 Plays
537 Plays
Comments
Comments
Give Quiz Kudos
Give Quiz Kudos
-
- Ratings
hide this ad
Replay
Link that replays current quiz
Next Quiz
Link to next quiz in quiz playlist
You Got
0%
They Got
Avg Score
82%
Avg Friend Score
Upgrade to see
Score Distribution
Jump to the score distribution portion of the page
Score
0/63
Timer
14:00
0
Plays Today
Year
Champion
% Correct
1949
Texas
96.6%
1950
Texas
96.6%
1975
Texas
96.6%
1983
Texas
96.6%
2002
Texas
96.6%
2005
Texas
96.6%
1948
USC
95.1%
1958
USC
95.1%
1961
USC
95.1%
1963
USC
95.1%
1968
USC
95.1%
1970
USC
95.1%
1971
USC
95.1%
1972
USC
95.1%
1973
USC
95.1%
1974
USC
95.1%
1978
USC
95.1%
1998
USC
94.9%
1976
Arizona
93.8%
1980
Arizona
93.8%
1986
Arizona
93.8%
1951
Oklahoma
89.8%
1994
Oklahoma
89.8%
1993
LSU
89.4%
1991
LSU
89.4%
1996
LSU
89.4%
1997
LSU
89.4%
2000
LSU
89.4%
2009
LSU
89.4%
9182
Miami
89%
1985
Miami
89%
1999
Miami
89%
Year
Champion
% Correct
2001
Miami
89%
1987
Stanford
87.9%
1988
Stanford
87.9%
1977
Arizona St
85.6%
1981
Arizona St
84.7%
1965
Arizona St
84.5%
1967
Arizona St
84.5%
1969
Arizona St
84.5%
1990
Georgia
83.4%
1979
Cal. State Fullerton
80.9%
1984
Cal. State Fullerton
80.9%
1995
Cal. State Fullerton
80.9%
2004
Cal. State Fullerton
80.9%
2006
Oregon St
80%
2007
Oregon St
80%
1959
Oklahoma St
78.4%
1593
Michigan
77.7%
1962
Michigan
77.7%
1989
Wichita St
72.2%
1594
Missouri
70.7%
2003
Rice
68.8%
1966
Ohio St.
68.1%
2008
Fresno St
65.4%
1956
Minnesota
56.7%
1960
Minnesota
56.7%
1964
Minnesota
56.7%
1947
California
54.3%
1957
California
54.3%
1959
Wake Forest
50.1%
1992
Pepperdine
44.4%
1952
Holy Cross
25.9%
Quiz Playlist
Details
Report
Send in Message
Add To Playlist
Classic:
Type in answers that appear in a list
Last Updated: Jun 18, 2017
Quiz Scoreboard
CHALLENGE
Sign Up to Join the Scoreboard
Show All
Scores
Hide
Comments
May contain spoilers
Recently Published
1-10 Letter E Words III
by El_Dandy
Language
2m
Street Fighter Characters
by Artimus82
Gaming
60s
College Basketball Coaching Resumes
by pancakes188
Sports
9m
More to Explore
Quiz From the Vault
Featured Blog Post
Where Did the Easter Bunny Come From?
hide this ad
You Might Also Like...
Tags
Baseball Quiz
NCAA Quiz
champion
Runner-up
Today's Top Quizzes in Sports
Browse Sports
hide this ad
Today's Top Quizzes in Baseball
Browse Baseball
Top Contributed Quizzes in Sports
1
2022 World Cup Stars
2
Les meilleurs buteurs des matchs entre le PSG et l’OM
3
FIFA Club World Cup Champions
4
Les entraîneurs de l'OM et du PSG au 21e siècle
5
Criteria MLB: Left Handed Sluggers
6
2023 MLB Unique Player Accomplishments
7
AFC Teams Reveal (Wrong Answers Minefield)
8
Players with Multiple 50 Home Run Seasons
9
5-to-1: FBS Animal Nicknames
10
5-to-1: UK Sports Teams
Explore More
Trending Topics
Disney
Marvel
Harry Potter
Anime
Crossword
NBA
Kpop
Country
NFL
WWE
Pokémon
Puzzle
Song
The Office
Soccer
hide this ad
More By:
SuperFan1
Quiz
Plays
Rating
Category
Featured
Created
Name the Mickey Mouse Characters?
2,676
2.00
Television
Jun 7, 2010
NCAA Softball Championships
871
2.17
Sports
Jun 7, 2010
Most MLB World Series titles.
750
2.00
Sports
Jun 8, 2010
NCAA Baseball Champions & Runner-ups
537
4.00
Sports
Jun 7, 2010
Yankee Retired Jerseys
135
1.00
Sports
Jun 8, 2010
Go to Creator's Profile
Score Distribution
Quiz Creator Spotlight
SuperFan1
Follow
Send a Message
Quizzes Created
-
Created Quiz Play Count
-
More By This Creator
Popular Quizzes Today
1
Find the US States - No Outlines Minefield
2
Find the Countries of Europe - No Outlines Minefield
3
The Countries of the World
4
Find the US States
5
Risky Map Clicking: Biggest States A-Z
6
US States
7
Popular People in 1961
8
Movies - When Are They Set?
More Sports Quizzes
Carolina Hurricanes 20 Goal Scorers
Quiz Lab
Trending Quizzes
Risky Map Clicking: Least Populous States A-Z
USA Borders Longest to Shortest
1-10 Letter G Words
1-10 Letter F Words
Countries of the World: 200 Million BC
Recently Updated
Leaping Animals
pecheneg
Reality TV Shows (A-Z)
bhenderson79
Rickey Henderson's Hall of Fame Teammates
pecheneg
Champions League XIs: Arsenal
pecheneg
Quick Pick: Celebrities in WWE's Hall of Fame
aduchscher
A-Z Keypad Blitz II
pecheneg
Multiple Oscar Actors
pecheneg
Mystery Phrase Blitz: Oscar 'Best Actors'
pecheneg
F. Scott Fitzgerald Novels
LTH
Pick 3 Villains
ddd62291
Trending Topics
Crossword
Kpop
Harry Potter
Marvel
NBA
Disney
Anime
Song
Puzzle
Country
The Office
WWE
Soccer
Pokémon
NFL
Your Account Isn't Verified!
In order to create a playlist on Sporcle, you need to verify the email address you used during registration. Go to your
Sporcle Settings
to finish the process.
Report this User
Report this user for behavior that violates our
Community Guidelines
.
Details:
Send Report
Go to the Sporcle.com Mobile Site →
Comments